|
|
|
|
| LEADER |
00723nab#a2200289#ar4500 |
| 001 |
000036113 |
| 003 |
SVKKK |
| 005 |
00000000000000.0 |
| 008 |
c xo e sloo |
| FMT |
|
|
|
| 038 |
|
|
|a SVKKK
|
| 040 |
|
|
|a SVKKK
|b slo
|e AACR2
|
| 041 |
0 |
|
|a slo
|
| 044 |
|
|
|a xo
|c SK
|
| 080 |
|
|
|a 632.11
|2 1981
|
| 245 |
0 |
0 |
|a Strhlo most, podmylo budovy.
|
| 650 |
0 |
4 |
|a búrka
|
| 650 |
0 |
4 |
|a pohroma živelná
|
| 650 |
0 |
4 |
|a škody materiálne
|x práce záchranné
|x Spišská Stará Ves (KK)
|x informácie
|
| 773 |
0 |
|
|t Nový deň
|g Roč. 2, č. 183(2000), dát. 0809, s. 4
|
| 957 |
|
|
|a Spišská Stará Ves
|
| 958 |
|
|
|a KK
|
| 974 |
|
|
|d 010306
|a SAB
|
| 992 |
|
|
|a RBX
|
| BAS |
|
|
|
| 852 |
|
|
|a SVKKK
|b BIB
|
| 998 |
|
|
|a REG
|